Search the Library Catalogue
| 000 -LEADER | |
|---|---|
| fixed length control field | 01308nam a2200193 4500 |
| 008 - FIXED-LENGTH DATA ELEMENTS--GENERAL INFORMATION | |
| fixed length control field | 250730b |||||||| |||| 00| 0 eng d |
| 020 ## - INTERNATIONAL STANDARD BOOK NUMBER | |
| ISBN | 082042367 |
| Paper back/Hardbound | hbk |
| 041 ## - LANGUAGE CODE | |
| Language code of text/sound track or separate title | eng |
| 082 ## - DEWEY DECIMAL CLASSIFICATION NUMBER | |
| Classification number | 700.94609032 |
| Item number | ACK |
| 100 ## - MAIN ENTRY--AUTHOR NAME | |
| Personal name | Acker, Thomas S. |
| 245 ## - TITLE STATEMENT | |
| Title | The Baroque Vortex |
| Sub Title | : velázquez, calderón and gracián under philip iv |
| Statement of responsibility, etc | / Thomas S. Acker. |
| 260 ## - PUBLICATION, DISTRIBUTION, ETC. (IMPRINT) | |
| Place of publication | New York |
| Name of publisher | P. Lang |
| Year of publication | c2000 |
| 300 ## - PHYSICAL DESCRIPTION | |
| Number of Pages | 152 p. |
| Dimensions | ; 24 cm. |
| 504 ## - BIBLIOGRAPHY, ETC. NOTE | |
| Bibliography, etc | Includes bibliographical references |
| 520 ## - SUMMARY, ETC. | |
| Summary, etc | If we look at the plays of Pedro Calderon de la Barca and the paintings of Diego Velazquez, the years 1635 to 1680 arguably mark the creative apex of Spain's "Golden Age." In subtle portraiture and court plays, classical imagery combined with Church orthodoxy connect antiquity's glories to Spain's Habsburg rule. The works of Baltasar Gracian, his allegorical Criticon (1651) and his prescriptive Agudeza y arte de ingenio (1648), offered other examples, and, in the case of the latter, explained this imagery. In these works, Gracian shares many of the same iconographic resources with Calderon and Velazquez. Commonalties in their historical, mythological, and religious subjects reveal the united and vigorous facade that Spain attempted to project through her arts. |
| 650 ## - SUBJECT ADDED ENTRY--TOPICAL TERM | |
| Topical Term | Arts, Baroque--spain |
| 942 ## - ADDED ENTRY ELEMENTS (KOHA) | |
| Koha item type | Reference |
| Withdrawn status | Lost status | Damaged status | Not for loan | Home library | Current library | Shelving location | Date acquired | Full call number | Accession Number | Price effective from | Koha item type |
|---|---|---|---|---|---|---|---|---|---|---|---|
| Anna Centenary Library | Anna Centenary Library | 6TH FLOOR, B WING | 21.09.2010 | 700.94609032 ACK | 219530 | 30.07.2025 | Reference |